[Event "40th Guernsey Open 2014"]
[Site "Vale GCI"]
[Date "2014.10.23"]
[Round "5.13"]
[White "Heppell, Ian N"]
[Black "Collier, David O"]
[Result "1/2-1/2"]
[WhiteElo "2087"]
[BlackElo "2043"]
[WhiteFideId "412058"]
[BlackFideId "406422"]
[EventDate "2014.10.19"]
[EventType "swiss"]

1. e4 c5 2. Nf3 d6 3. Bb5+ Bd7 4. Bxd7+ Qxd7 5. O-O Nc6 6. c3 Nf6 7. Re1 e6 8.
d4 cxd4 9. cxd4 d5 10. e5 Ne4 11. Nbd2 Nxd2 12. Bxd2 1/2-1/2

[Event "40th Guernsey Open 2014"]
[Site "Vale GCI"]
[Date "2014.10.23"]
[Round "5.14"]
[White "Rosen, Daniel B"]
[Black "De Kruif, Kees"]
[Result "1/2-1/2"]
[WhiteTitle "CM"]
[WhiteElo "2068"]
[BlackElo "1927"]
[WhiteFideId "405418"]
[BlackFideId "1006479"]
[EventDate "2014.10.19"]
[EventType "swiss"]

1. e4 c5 2. Nc3 d6 3. f4 e5 4. Nf3 exf4 5. Bc4 Be7 6. O-O Nf6 7. d3 O-O 8. Bxf4
Nc6 9. Kh1 a6 10. a4 Be6 11. Bxe6 fxe6 12. e5 Nd5 13. Nxd5 exd5 14. Qd2 dxe5 15.
Nxe5 Nxe5 16. Bxe5 Qd7 1/2-1/2

[Event "40th Guernsey Open 2014"]
[Site "Vale GCI"]
[Date "2014.10.23"]
[Round "5.15"]
[White "Reijneveld, Ad"]
[Black "Dennis, Nigel W"]
[Result "1-0"]
[WhiteElo "2120"]
[BlackElo "1826"]
[WhiteFideId "1010654"]
[BlackFideId "408913"]
[EventDate "2014.10.19"]
[EventType "swiss"]

1. e4 c5 2. Nf3 d6 3. d4 cxd4 4. Nxd4 Nf6 5. Nc3 e6 6. Be2 Be7 7. O-O Nc6 8. Be3
O-O 9. f4 Nxd4 10. Bxd4 a6 11. a4 Qc7 12. Qe1 e5 13. Be3 Be6 14. Qg3 Bc4 15.
fxe5 dxe5 16. Bxc4 Qxc4 17. Bh6 Ne8 18. Nd5 Qc5+ 19. Be3 Qd6 20. b4 Qe6 21.
Nxe7+ Qxe7 22. Bc5 Nd6 23. Qd3 Rfd8 24. Rad1 Qe6 25. Bxd6 Rd7 26. c4 Rad8 27. c5
b6 28. Qd5 1-0

[Event "40th Guernsey Open 2014"]
[Site "Vale GCI"]
[Date "2014.10.23"]
[Round "5.16"]
[White "Spanton, Tim R"]
[Black "Norman, Kenneth I"]
[Result "1/2-1/2"]
[BlackTitle "CM"]
[WhiteElo "1975"]
[BlackElo "2153"]
[WhiteFideId "404802"]
[BlackFideId "402419"]
[EventDate "2014.10.19"]
[EventType "swiss"]

1. d4 Nf6 2. Nc3 d5 3. Bg5 Nbd7 4. e3 g6 5. Nf3 Bg7 6. Bd3 O-O 7. O-O c5 8. Ne5
Nxe5 9. dxe5 Ng4 10. Be2 Nxe5 11. Nxd5 f6 12. Bf4 e6 13. Bxe5 exd5 14. Bc3 Be6
15. Bf3 Qd7 16. Qd2 Rfd8 17. Rfd1 Qf7 18. Qe2 Rd7 19. Bg4 Bxg4 20. Qxg4 f5 21.
Qa4 b6 22. Bxg7 Kxg7 23. Rd3 Rad8 24. Rad1 Qf6 25. c3 Kf8 26. R1d2 Qe6 27. h3
Qe4 28. Qd1 h5 29. Qf3 h4 30. b3 Qxf3 31. gxf3 Ke7 32. f4 Ke6 33. Kf1 b5 34. Ke2
a5 35. Rd1 b4 36. c4 dxc4 37. Rxd7 Rxd7 38. Rxd7 Kxd7 39. bxc4 a4 40. Kd3 Kd6
41. f3 Ke6 42. Kc2 Kf6 43. Kd3 Ke6 1/2-1/2

[Event "40th Guernsey Open 2014"]
[Site "Vale GCI"]
[Date "2014.10.23"]
[Round "5.17"]
[White "Dijksterhuis, Rolf"]
[Black "Purdon, Colin"]
[Result "1/2-1/2"]
[WhiteElo "1971"]
[BlackElo "2106"]
[WhiteFideId "1006452"]
[BlackFideId "408581"]
[EventDate "2014.10.19"]
[EventType "swiss"]

1. d4 d5 2. c4 Nc6 3. Nf3 Bg4 4. e3 e6 5. Nc3 Nf6 6. Be2 Bd6 7. O-O O-O 8. a3
dxc4 9. Bxc4 e5 10. d5 Ne7 11. e4 Ng6 12. h3 Bd7 13. Re1 a6 14. Bg5 h6 15. Be3
Nh5 16. Bf1 Nhf4 17. Kh2 f5 18. g3 fxe4 19. Nxe4 Nh5 20. Nfd2 Nf6 21. Nxf6+ Qxf6
22. Ne4 Qf7 23. Rc1 Bf5 24. Bg2 Rad8 25. Qh5 Ne7 26. Qxf7+ Rxf7 27. Nxd6 cxd6
28. g4 Bd3 29. Rc7 Ng6 30. Rec1 Rdd7 31. Rxd7 Rxd7 32. Rc3 e4 33. Kg3 Ne7 34. h4
Bb1 35. Bf1 b5 36. a4 Nxd5 37. Rc8+ Kh7 38. axb5 Nxe3 39. fxe3 axb5 40. Bxb5 Rb7
41. Be8 g5 42. Rd8 Rxb2 1/2-1/2

[Event "40th Guernsey Open 2014"]
[Site "Vale GCI"]
[Date "2014.10.23"]
[Round "5.18"]
[White "Havenaar, Jan"]
[Black "Da Ces, Philippe"]
[Result "1/2-1/2"]
[WhiteElo "2050"]
[BlackElo "1969"]
[WhiteFideId "1005081"]
[BlackFideId "202665"]
[EventDate "2014.10.19"]
[EventType "swiss"]

1. Nc3 d5 2. e4 dxe4 3. Nxe4 Qd5 4. Nc3 Qa5 5. d4 Nf6 6. Bc4 Bg4 7. f3 Bf5 8.
Ne2 Nbd7 9. g4 Bg6 10. Nf4 e5 11. Nxg6 hxg6 12. Bd2 Qb6 13. Qe2 O-O-O 14. dxe5
Nxe5 15. O-O-O Bd6 16. Bb3 Rhe8 17. g5 Nh5 18. Nd5 Qc6 19. f4 Nd7 20. Qg4 Kb8
21. Rhe1 Nc5 22. Nc3 Nxb3+ 23. axb3 a6 24. h3 Rxe1 25. Rxe1 Re8 26. Rxe8+ Qxe8
27. f5 Qe5 28. fxg6 fxg6 29. Ne4 Ng3 30. Nxd6 Qxd6 31. Qf3 Nf5 32. Bf4 Qd4 33.
c3 Qc5 34. Kb1 Qg1+ 35. Ka2 Qc5 36. Qe4 Qe7 37. Qc4 Nd6 38. Qd5 Qf7 39. Qd4 Qe7
40. c4 Qd7 41. Qd2 Qe7 42. Qd5 Qf7 43. Qd4 Qe7 44. c5 Nf5 45. Qd5 Qe8 46. b4 Kc8
47. b5 Kb8 48. Ka3 Kc8 49. Qc4 Kb8 1/2-1/2

[Event "40th Guernsey Open 2014"]
[Site "Vale GCI"]
[Date "2014.10.23"]
[Round "5.19"]
[White "von Saldern, Ruediger"]
[Black "Prins, Jan"]
[Result "0-1"]
[WhiteElo "1966"]
[BlackElo "2049"]
[WhiteFideId "4635175"]
[BlackFideId "1017179"]
[EventDate "2014.10.19"]
[EventType "swiss"]

1. d4 d5 2. Nf3 c6 3. c4 Nf6 4. Nc3 g6 5. Bg5 Bg7 6. e3 O-O 7. Rc1 Be6 8. Bxf6
Bxf6 9. cxd5 cxd5 10. Be2 Qb6 11. Qd2 Nd7 12. O-O Rac8 13. Na4 Qd6 14. Rxc8 Rxc8
15. Rc1 Rxc1+ 16. Qxc1 Kg7 17. b3 b6 18. h3 h5 19. Ne1 Bf5 20. Bd3 Be6 21. Nc2
g5 22. Qa3 Qc7 23. Qb4 g4 24. hxg4 hxg4 25. Qc3 Qb8 26. Nb4 g3 27. Qe1 Bh4 28.
f3 a5 29. Nc6 Qd6 30. Qc3 Bf6 31. Bb5 Bf5 32. Kf1 Qa3 33. Qb2 Qd6 34. Ke2 Bg5
35. Ne5 Nxe5 36. dxe5 Qb4 37. Bd3 Bxd3+ 38. Kxd3 Qe1 39. Qd2 Qf1+ 40. Qe2 Qb1+
41. Qc2 Qxc2+ 42. Kxc2 Bxe3 43. Kd3 Bf2 44. Nc3 e6 45. Nd1 Kg6 0-1

[Event "40th Guernsey Open 2014"]
[Site "Vale GCI"]
[Date "2014.10.23"]
[Round "5.20"]
[White "Van den Boogaart, Jan Maarten"]
[Black "Rowe, Peter"]
[Result "0-1"]
[BlackTitle "CM"]
[WhiteElo "2041"]
[BlackElo "1962"]
[WhiteFideId "1044559"]
[BlackFideId "10700099"]
[EventDate "2014.10.19"]
[EventType "swiss"]

1. e4 d6 2. d4 Nf6 3. Nc3 Nbd7 4. Nf3 e5 5. Bc4 Be7 6. O-O O-O 7. Re1 c6 8. a4
a5 9. h3 exd4 10. Qxd4 Qb6 11. Bf4 Qxd4 12. Nxd4 Nc5 13. Rad1 Rd8 14. Bh2 Be6
15. Nxe6 fxe6 16. e5 Nd5 17. exd6 Bxd6 18. Bxd6 Rxd6 19. Ne4 Nxe4 20. Rxe4 Re8
21. Bb3 Rdd8 22. Red4 Rc8 23. Re1 Kf7 24. f4 Re7 25. Rde4 g6 26. g3 Rce8 27. Re5
b5 28. axb5 cxb5 29. Rxe6 Rxe6 30. Bxd5 Kf6 31. Rxe6+ Rxe6 32. Bxe6 Kxe6 33. Kf2
Kd5 34. Ke3 Kc4 35. g4 a4 36. b3+ Kc3 0-1

[Event "40th Guernsey Open 2014"]
[Site "Vale GCI"]
[Date "2014.10.23"]
[Round "5.21"]
[White "Magnussen, Pal"]
[Black "Twitchell, David J"]
[Result "1-0"]
[WhiteElo "1952"]
[BlackElo "2009"]
[WhiteFideId "1711814"]
[BlackFideId "414255"]
[EventDate "2014.10.19"]
[EventType "swiss"]

1. e4 e5 2. Nf3 Nc6 3. Bb5 f5 4. Nc3 fxe4 5. Nxe4 d5 6. Nxe5 dxe4 7. Nxc6 Qg5 8.
Qe2 Nf6 9. f4 Qh4+ 10. g3 Qh3 11. Ne5+ c6 12. Bc4 Bc5 13. Bf7+ Kf8 14. Qf1 Qxf1+
15. Kxf1 Ng4 16. Bb3 Nxe5 17. fxe5 Bh3+ 18. Ke2 Bg4+ 19. Ke1 Ke7 20. d3 h6 21.
h4 Rhf8 22. Bf4 Bf3 23. Rh2 Bg1 24. Rd2 e3 25. Re2 Bf2+ 26. Rxf2 exf2+ 27. Kxf2
Bg4 28. Ke3 a5 29. c4 a4 30. Bc2 c5 31. d4 cxd4+ 32. Kxd4 Rfd8+ 33. Kc3 Ke6 34.
Rc1 Rf8 35. Be4 Rab8 36. Bd5+ Ke7 37. Kb4 Be6 38. Kxa4 b5+ 39. Ka3 bxc4 40. Bxe6
Kxe6 41. Rxc4 Kd5 42. b3 Ra8+ 43. Kb2 g5 44. hxg5 hxg5 45. Bxg5 Kxe5 46. Bf4+
Kf5 47. a4 Rfe8 48. Rc5+ Ke4 49. a5 Rh8 50. b4 Rh2+ 51. Kb3 Rh1 52. Kc4 Ra7 53.
Rc8 Rh2 54. Re8+ Kf3 55. Kc5 Rhh7 56. Bb8 Ra6 57. Kb5 Rg6 58. a6 Rh5+ 59. Re5
Rxe5+ 60. Bxe5 Rg5 61. Kc6 Rxe5 62. a7 Re6+ 63. Kb7 Re7+ 64. Ka6 Re6+ 65. Ka5 1-0

[Event "40th Guernsey Open 2014"]
[Site "Vale GCI"]
[Date "2014.10.23"]
[Round "5.22"]
[White "Grieve, Harry"]
[Black "Kirby, Peter J."]
[Result "1-0"]
[BlackTitle "CM"]
[WhiteElo "1738"]
[BlackElo "1985"]
[WhiteFideId "426520"]
[BlackFideId "409014"]
[EventDate "2014.10.19"]
[EventType "swiss"]

1. e4 g6 2. d4 Bg7 3. Nf3 c5 4. c3 d5 5. dxc5 dxe4 6. Qxd8+ Kxd8 7. Ng5 Ke8 8.
Bc4 Nh6 9. Nxe4 Nd7 10. Be3 Nf5 11. Bf4 Ne5 12. Bb5+ Bd7 13. Bxd7+ Nxd7 14. Na3
e5 15. Bd2 Ke7 16. g4 Nh6 17. f3 f5 18. Bg5+ Ke6 19. gxf5+ gxf5 20. Ng3 Nf7 21.
O-O-O Nxg5 22. Rd6+ Kf7 23. Rxd7+ Kg6 24. Rhd1 Nxf3 25. Nc4 Bf6 26. Rxb7 Rhd8
27. Rxd8 Rxd8 28. c6 Bg5+ 29. Kc2 Ne1+ 30. Kb3 Nd3 31. Rxa7 Rb8+ 32. Ka3 e4 33.
c7 Rc8 34. Nb6 Be7+ 35. Kb3 Nc1+ 36. Kc2 1-0

[Event "40th Guernsey Open 2014"]
[Site "Vale GCI"]
[Date "2014.10.23"]
[Round "5.23"]
[White "Bolt, Graham"]
[Black "Hawkins, James N H"]
[Result "1-0"]
[WhiteElo "1981"]
[BlackElo "1923"]
[WhiteFideId "410438"]
[BlackFideId "409928"]
[EventDate "2014.10.19"]
[EventType "swiss"]

1. g3 e5 2. Bg2 d5 3. d3 f6 4. c4 Bb4+ 5. Bd2 Bxd2+ 6. Nxd2 d4 7. b4 Ne7 8. Ngf3
O-O 9. a4 Nd7 10. Nb3 Rb8 11. O-O Qe8 12. Qc2 Qh5 13. c5 Kh8 14. b5 c6 15. Na5
f5 16. Rab1 Rf6 17. Rfc1 g5 18. Qd2 f4 19. bxc6 Nxc6 20. Nxc6 Rxc6 21. Qa5 fxg3
22. Qd8+ Kg7 23. hxg3 g4 24. Qe7+ Kg8 25. Nh4 1-0

[Event "40th Guernsey Open 2014"]
[Site "Vale GCI"]
[Date "2014.10.23"]
[Round "5.24"]
[White "Campbell, Ian"]
[Black "Van Veen, Wout"]
[Result "1-0"]
[WhiteElo "1980"]
[BlackElo "1835"]
[WhiteFideId "415219"]
[BlackFideId "1022750"]
[EventDate "2014.10.19"]
[EventType "swiss"]

1. Nf3 Nf6 2. d4 g6 3. Nc3 d5 4. Bf4 Bg7 5. e3 Bf5 6. h3 c6 7. Be2 Qb6 8. Na4
Qa5+ 9. c3 b5 10. Nc5 Nbd7 11. b4 Qb6 12. O-O Ne4 13. Qc1 Ndxc5 14. dxc5 Qb7 15.
Be5 f6 16. Bh2 e5 17. Nd2 Nxd2 18. Qxd2 O-O 19. a4 a6 20. Ra3 Be6 21. Rfa1 Rfe8
22. Bg3 f5 23. f4 Bf7 24. axb5 cxb5 25. Ra5 exf4 26. Bxf4 Bf6 27. Bd3 Qc6 28.
Kf2 Bd8 29. Bxb5 1-0

[Event "40th Guernsey Open 2014"]
[Site "Vale GCI"]
[Date "2014.10.23"]
[Round "5.25"]
[White "Broek, Thomas"]
[Black "Reutimann, Hans Peter"]
[Result "1-0"]
[WhiteElo "2201"]
[BlackElo "1817"]
[WhiteFideId "1005731"]
[BlackFideId "1313886"]
[EventDate "2014.10.19"]
[EventType "swiss"]

1. e4 e6 2. d4 d5 3. Nc3 dxe4 4. Nxe4 Nf6 5. Nxf6+ gxf6 6. Nf3 Nc6 7. c3 Bg7 8.
Bb5 Bd7 9. O-O a6 10. Bc4 Ne7 11. Re1 O-O 12. Bf4 Ng6 13. Be3 c6 14. Qd2 Qc7 15.
h4 Rad8 16. h5 Ne7 17. Bf4 Qa5 18. Bd6 Rfe8 19. h6 Bh8 20. b4 Qh5 21. Re4 f5 22.
Rh4 Qg6 23. Rh3 Kf8 24. Rg3 1-0

[Event "40th Guernsey Open 2014"]
[Site "Vale GCI"]
[Date "2014.10.23"]
[Round "5.26"]
[White "Riedener, Toni"]
[Black "Shaw, Meyrick"]
[Result "1-0"]
[WhiteElo "2039"]
[BlackElo "1964"]
[WhiteFideId "1302698"]
[BlackFideId "430803"]
[EventDate "2014.10.19"]
[EventType "swiss"]

1. d4 Nf6 2. c4 e6 3. Nc3 d5 4. cxd5 exd5 5. Bg5 Be7 6. e3 O-O 7. Bd3 c6 8. Qc2
Nbd7 9. Nf3 h6 10. Bh4 Re8 11. O-O Ne4 12. Bxe7 Qxe7 13. b4 Ndf6 14. Rab1 Bf5
15. Ne5 Nxc3 16. Qxc3 Bxd3 17. Qxd3 Ne4 18. Rfc1 Rac8 19. Qc2 f6 20. Ng6 Qf7 21.
Nf4 g5 22. Nd3 Nd6 23. Nb2 f5 24. Re1 Re4 25. Qc5 Nb5 26. Nd3 b6 27. Qc1 f4 28.
Ne5 Qf5 29. Rb2 g4 30. Nxg4 Kh7 31. a4 Nd6 32. f3 Re6 33. Rbe2 Rg8 34. exf4 Rxe2
35. Rxe2 h5 36. Ne5 Qf6 37. Qxc6 Rc8 38. Qd7+ Kg8 39. g3 Rc1+ 40. Kg2 Rd1 41.
Nc6 1-0

[Event "40th Guernsey Open 2014"]
[Site "Vale GCI"]
[Date "2014.10.23"]
[Round "5.27"]
[White "De Boer, Albert"]
[Black "Bakker, Joop"]
[Result "0-1"]
[WhiteElo "2017"]
[BlackElo "1951"]
[WhiteFideId "1007530"]
[BlackFideId "1012100"]
[EventDate "2014.10.19"]
[EventType "swiss"]

1. b3 b5 2. Bb2 Bb7 3. e3 Nf6 4. Nf3 b4 5. c4 e6 6. d4 c5 7. Nbd2 Be7 8. Bd3
cxd4 9. Nxd4 O-O 10. N2f3 Ne4 11. Qc2 f5 12. Ne5 Bf6 13. Ng4 Bh4 14. g3 Nc5 15.
gxh4 Nxd3+ 16. Qxd3 Bxh1 17. Ne5 Be4 18. Qd2 Qc7 19. Nb5 Qc5 20. f3 Bb7 21. Bd4
Qe7 22. O-O-O Nc6 23. Bb2 Nxe5 24. Bxe5 Bxf3 25. Rg1 Rf7 26. Nd6 Rf6 27. Qd4 Rg6
28. Rf1 Bc6 29. h5 Rg4 30. Qd2 Qg5 31. Bf4 Qf6 32. Kb1 Rg2 33. Rf2 Rg1+ 34. Kc2
Qa1 0-1

[Event "40th Guernsey Open 2014"]
[Site "Vale GCI"]
[Date "2014.10.23"]
[Round "5.28"]
[White "Fulton, A.J."]
[Black "Phillips, Owen S"]
[Result "0-1"]
[WhiteElo "2026"]
[BlackElo "1915"]
[WhiteFideId "15600025"]
[BlackFideId "417882"]
[EventDate "2014.10.19"]
[EventType "swiss"]

1. e4 c5 2. Nf3 d6 3. d4 cxd4 4. Nxd4 Nf6 5. Nc3 Bd7 6. Bc4 a6 7. Bb3 Nc6 8. Bg5
Qa5 9. Be3 Nxe4 10. Qd3 Nxc3 11. bxc3 Nxd4 12. Bxd4 e5 13. Be3 Be7 14. O-O O-O
15. Rfd1 Bc6 16. Bd5 Bxd5 17. Qxd5 Qxd5 18. Rxd5 Rac8 19. Bd2 Rc6 20. Rb1 b6 21.
Rd3 f5 22. Rh3 h6 23. Be3 Rxc3 24. Rxb6 f4 25. Bd2 Rxc2 26. Be1 Rxa2 27. Rc3 Kf7
28. Rcc6 a5 29. Rb5 Ra8 0-1

[Event "40th Guernsey Open 2014"]
[Site "Vale GCI"]
[Date "2014.10.23"]
[Round "5.29"]
[White "Sikkel, Dirk"]
[Black "Fassaert, Desire"]
[Result "0-1"]
[WhiteElo "2007"]
[BlackElo "1908"]
[WhiteFideId "1050079"]
[BlackFideId "1008331"]
[EventDate "2014.10.19"]
[EventType "swiss"]

1. e4 c6 2. d4 d5 3. exd5 cxd5 4. Bd3 Nc6 5. c3 Nf6 6. Bf4 Bg4 7. Qb3 Na5 8. Qc2
e6 9. Nd2 Bh5 10. Ngf3 Be7 11. Ne5 Nc6 12. O-O Nd7 13. Nxc6 bxc6 14. b4 Bg6 15.
Bxg6 hxg6 16. Rfe1 Nf6 17. Nf3 Bd6 18. Bxd6 Qxd6 19. Ne5 Nd7 20. f4 Nxe5 21.
fxe5 Qe7 22. Re3 Rh5 23. Rb1 a6 24. Qa4 Qb7 25. Qb3 Kf8 26. Rf1 Rf5 27. Rxf5
gxf5 28. Rh3 g6 29. c4 dxc4 30. Qxc4 Kg7 31. Rc3 a5 32. a3 axb4 33. axb4 Ra4 34.
Rb3 Qb5 35. Qxb5 cxb5 36. Rb2 Kf8 37. Kf2 Ke7 38. Ke2 Kd7 39. Kd2 Kc6 40. Rc2+
Kd5 41. Ke3 Ra3+ 42. Kf4 Kxd4 43. Rc5 Re3 44. Rxb5 Re4+ 45. Kf3 Rxe5 46. Rb7 g5
47. Rxf7 Re3+ 48. Kf2 Rb3 49. Rd7+ Ke4 50. Rb7 g4 51. Rg7 Rxb4 52. Kg3 Rb3+ 53.
Kf2 e5 54. Ra7 f4 55. Ra4+ Kd3 56. Ra8 Rb2+ 57. Kf1 Rc2 58. Ra3+ Rc3 59. Ra1 e4
60. Rd1+ Ke3 61. Re1+ Kd4 62. Rd1+ Rd3 63. Ra1 e3 64. Ra4+ Ke5 65. Ke1 Rd4 66.
Ra8 Rd2 67. Re8+ Kf5 68. Rf8+ Ke4 69. Re8+ Kd3 70. Rd8+ Kc2 71. Rc8+ Kb3 72.
Rb8+ Kc4 73. Rc8+ Kb5 74. Rb8+ Kc6 75. Rf8 Rf2 76. h4 gxh3 77. gxh3 Kd5 78. Re8
Rh2 79. h4 Rxh4 80. Ke2 Rh2+ 81. Kd3 Rd2+ 82. Kc3 Rf2 83. Kd3 Kd6 84. Re4 Kd5
85. Re8 Ra2 86. Re7 Ra4 87. Re8 Rd4+ 88. Ke2 Rd2+ 89. Kf3 Rf2+ 90. Kg4 Kd4 91.
Rd8+ Kc3 92. Rc8+ Kd2 93. Rd8+ Ke1 94. Ra8 Kf1 95. Ra1+ Kg2 96. Re1 e2 97. Ra1
Rf1 98. Ra2 f3 99. Rb2 Kf2 100. Kf4 Kg1 0-1

[Event "40th Guernsey Open 2014"]
[Site "Vale GCI"]
[Date "2014.10.23"]
[Round "5.31"]
[White "Hamperl, Fred"]
[Black "Hickman, John E"]
[Result "1/2-1/2"]
[WhiteTitle "FM"]
[WhiteElo "2114"]
[BlackElo "1893"]
[WhiteFideId "10700110"]
[BlackFideId "408565"]
[EventDate "2014.10.19"]
[EventType "swiss"]

1. e4 d6 2. d4 Nf6 3. Nc3 g6 4. Be3 Bg7 5. Qd2 O-O 6. f3 e5 7. Nge2 Nc6 8. d5
Ne7 9. O-O-O c6 10. g4 cxd5 11. g5 Nh5 12. Nxd5 Nxd5 13. exd5 Bf5 14. Ng3 Nxg3
15. hxg3 Rc8 16. Bd3 Bxd3 17. Qxd3 Qa5 18. Kb1 Rc7 19. Bd2 Qb6 20. Be3 Qa5 21.
Rh4 Rfc8 22. Rd2 e4 23. Rxe4 Bxb2 24. Kxb2 Rc3 25. Qd4 Ra3 26. Qb4 Rxa2+ 27. Kb3
Ra3+ 28. Kb2 Ra2+ 29. Kb3 Ra3+ 30. Kb2 Ra2+ 1/2-1/2

[Event "40th Guernsey Open 2014"]
[Site "Vale GCI"]
[Date "2014.10.23"]
[Round "5.32"]
[White "Goris-Schouwstra, Adry"]
[Black "Kirkwood, Robin"]
[Result "1/2-1/2"]
[WhiteElo "1885"]
[BlackElo "2046"]
[WhiteFideId "1012746"]
[BlackFideId "1800990"]
[EventDate "2014.10.19"]
[EventType "swiss"]

1. d4 d6 2. Nf3 Bg4 3. Nbd2 Nf6 4. c4 Nbd7 5. h3 Bh5 6. e3 e5 7. Qc2 c6 8. Be2
Be7 9. O-O O-O 10. Re1 Re8 11. b3 Bf8 12. dxe5 dxe5 13. e4 a5 14. Bb2 Qb6 15.
Rad1 Bc5 16. Rf1 Nf8 17. Nb1 Bg6 18. Bd3 N6d7 19. Nh4 f6 20. Nxg6 Nxg6 21. g3 1/2-1/2

[Event "40th Guernsey Open 2014"]
[Site "Vale GCI"]
[Date "2014.10.23"]
[Round "5.33"]
[White "Downey, Keith"]
[Black "Karcher, Berthold"]
[Result "0-1"]
[WhiteElo "1968"]
[BlackElo "1861"]
[WhiteFideId "10700250"]
[BlackFideId "24669687"]
[EventDate "2014.10.19"]
[EventType "swiss"]

1. Nf3 g6 2. d4 Bg7 3. g3 d5 4. Bg2 Nc6 5. O-O Bf5 6. c4 Nb4 7. Qa4+ Nc6 8. cxd5
Qxd5 9. Nc3 Qa5 10. Qxa5 Nxa5 11. Bf4 c6 12. Rac1 Nc4 13. b3 Nb6 14. Rfd1 Nf6
15. Be5 O-O 16. h3 Bh6 17. Bf4 Bxf4 18. gxf4 Nbd5 19. e3 Nxc3 20. Rxc3 Nd5 21.
Rcc1 f6 22. Ne1 Be6 23. Nd3 Rfd8 24. Nc5 Bc8 25. Nd3 e6 26. h4 a5 27. a3 Kf7 28.
Ne1 Ra6 29. Rc5 Ne7 30. Bf1 Ra7 31. Nf3 b6 32. Rc2 Bb7 33. Bg2 c5 34. Rcd2 Bxf3
35. Bxf3 Rad7 36. h5 cxd4 37. hxg6+ hxg6 38. e4 e5 39. fxe5 fxe5 40. Be2 Rc7 41.
Bc4+ Kf6 42. Rd3 Rf8 43. f4 Nc6 44. Rf1 exf4 45. Rxf4+ Kg7 46. Rxf8 Kxf8 47. Kg2
Ke7 48. Kg3 Kf6 49. Bd5 Ke5 0-1

[Event "40th Guernsey Open 2014"]
[Site "Vale GCI"]
[Date "2014.10.23"]
[Round "5.34"]
[White "Morcom, Huw"]
[Black "Gravett, Alan D"]
[Result "1/2-1/2"]
[WhiteElo "1956"]
[BlackElo "1871"]
[WhiteFideId "1800469"]
[BlackFideId "406171"]
[EventDate "2014.10.19"]
[EventType "swiss"]

1. e4 c5 2. Nf3 Nf6 3. d3 d6 4. Be2 g6 5. O-O Bg7 6. Nbd2 Nc6 7. Re1 O-O 8. c3
a6 9. Nf1 b5 10. h3 Bb7 11. Bg5 h6 12. Be3 Rc8 13. Ng3 Kh7 14. Qd2 e5 15. Nh2
Ng8 16. Bg4 Rc7 17. f4 exf4 18. Bxf4 Ne5 19. Rf1 Ne7 20. Kh1 f5 21. exf5 Nxg4
22. hxg4 gxf5 23. Nh5 Nd5 24. Nxg7 Nxf4 25. Qxf4 Rxg7 26. Rf2 Qh4 27. Kg1 Rgf7
28. Raf1 Qe7 29. gxf5 Rxf5 30. Qxf5+ Rxf5 31. Rxf5 Kg6 1/2-1/2

[Event "40th Guernsey Open 2014"]
[Site "Vale GCI"]
[Date "2014.10.23"]
[Round "5.35"]
[White "Hermes, Geoff R"]
[Black "Cummins, J"]
[Result "0-1"]
[WhiteElo "1931"]
[BlackElo "1819"]
[WhiteFideId "423254"]
[BlackFideId "10700196"]
[EventDate "2014.10.19"]
[EventType "swiss"]

1. e4 c5 2. Nf3 Nc6 3. c3 d6 4. d4 cxd4 5. cxd4 a6 6. d5 Nb8 7. Be3 Nf6 8. Nc3
g6 9. Bd3 Bg7 10. Qd2 Nbd7 11. O-O Ng4 12. Bd4 Nge5 13. Nxe5 Nxe5 14. Be2 O-O
15. f4 Bh6 16. Be3 Nd7 17. Kh1 b5 18. a3 Bb7 19. Rf3 Nc5 20. Rd1 f6 21. Rh3 Bg7
22. f5 g5 23. Bh5 h6 24. Bg6 Nd7 25. Qe2 Ne5 26. Qh5 Bc8 27. Rg3 Bd7 28. Bxg5
fxg5 29. Rxg5 Rf6 30. Rg3 Qf8 31. Ne2 Nxg6 32. Rxg6 Rxg6 33. Qxg6 Qf6 34. Qg3
Qxb2 35. Nf4 Rc8 36. h3 Rc1 37. Rxc1 Qxc1+ 38. Kh2 Qb2 39. Ng6 Qf6 40. Qb3 Kh7
41. Qc2 Qc3 42. Qxc3 Bxc3 43. Nf8+ Kg7 44. Nxd7 Bb2 45. Nb8 a5 46. Nc6 a4 47.
Nxe7 b4 48. Nc6 b3 49. Na5 Be5+ 0-1

[Event "40th Guernsey Open 2014"]
[Site "Vale GCI"]
[Date "2014.10.23"]
[Round "5.36"]
[White "Burton, Ronnie"]
[Black "Brown, Rowan M"]
[Result "0-1"]
[WhiteElo "1983"]
[BlackElo "2195"]
[WhiteFideId "408441"]
[BlackFideId "404756"]
[EventDate "2014.10.19"]
[EventType "swiss"]

1. Nf3 Nf6 2. g3 g6 3. Bg2 Bg7 4. O-O O-O 5. d4 d6 6. c4 c5 7. dxc5 dxc5 8. Nc3
Nc6 9. Be3 Qa5 10. Qa4 Nd7 11. Qxa5 Nxa5 12. Nd2 Nc6 13. Nde4 Nb6 14. Bxc5 Nxc4
15. b3 Nd2 16. Nxd2 Bxc3 17. Rad1 Bg4 18. Nf3 b6 19. Ba3 Bf6 20. h3 Be6 21. Rc1
Rac8 22. e3 a5 23. Nd2 Nb4 24. Ne4 Nxa2 25. Nxf6+ exf6 26. Rc6 Rxc6 27. Bxc6 Rc8
28. Ba4 Nc3 29. Bb2 b5 30. Bxc3 Rxc3 31. Bxb5 Rxb3 32. Bc6 Rc3 33. Bb5 Ra3 34.
Kg2 Ra2 35. Rc1 a4 36. Rc3 Bd5+ 37. Kg1 Ra1+ 38. Bf1 a3 39. g4 a2 0-1

[Event "40th Guernsey Open 2014"]
[Site "Vale GCI"]
[Date "2014.10.23"]
[Round "5.37"]
[White "Ippel, Cornelius"]
[Black "Brookfield, Toby"]
[Result "1/2-1/2"]
[BlackTitle "CM"]
[WhiteElo "1891"]
[BlackElo "1879"]
[WhiteFideId "1005146"]
[BlackFideId "10700234"]
[EventDate "2014.10.19"]
[EventType "swiss"]

1. e4 c5 2. Nf3 d6 3. d4 cxd4 4. Nxd4 Nf6 5. Nc3 g6 6. Bc4 Bg7 7. Bb3 Nc6 8. Be3
O-O 9. Qd2 Ng4 10. Nxc6 bxc6 11. Bd4 e5 12. Be3 Nxe3 13. Qxe3 Be6 14. O-O Qb6
15. Qg3 Bxb3 16. axb3 f5 17. exf5 Rxf5 18. Kh1 Raf8 19. f3 d5 20. Na4 Qc7 21.
Nc5 Qe7 22. b4 e4 23. c3 Be5 24. Qh3 Kh8 25. f4 Bxf4 26. g3 Be3 27. Rxf5 Rxf5
28. Rf1 Bxc5 29. Rxf5 gxf5 30. bxc5 e3 31. Qxf5 e2 32. Qc8+ Kg7 33. Qg4+ Kf8 34.
Qc8+ Qe8 35. Qf5+ Ke7 36. Qe5+ Kf8 1/2-1/2

[Event "40th Guernsey Open 2014"]
[Site "Vale GCI"]
[Date "2014.10.24"]
[Round "6.1"]
[White "Hansen, Eric"]
[Black "Hallerod, Ralph"]
[Result "1-0"]
[WhiteTitle "GM"]
[WhiteElo "2574"]
[BlackElo "2115"]
[WhiteFideId "2606771"]
[BlackFideId "1705644"]
[EventDate "2014.10.19"]
[EventType "swiss"]

1. e4 c6 2. d4 d5 3. e5 Bf5 4. h4 h5 5. Bg5 Qa5+ 6. c3 e6 7. Ne2 c5 8. dxc5 Qc7
9. b4 Nc6 10. Bf4 Nge7 11. Nd4 Bxb1 12. Nb5 Qb8 13. Nd6+ Kd7 14. Rxb1 Ng6 15.
Bg3 Bxd6 16. exd6 1-0